Biblioteca

Emma no se quiere bañar (Registro nro. 49367)

Detalles MARC
000 -LÍDER
Campo fijo de descripción fija 007540000a22002050004500
001 - NÚMERO DE CONTROL
Campo de control 2221
003 - IDENTIFICADOR DEL NÚMERO DE CONTROL
Campo de control CO-MdFUSB
005 - FECHA Y HORA DE LA ULTIMA TRANSACCIÓN
control field 20180307174420.0
008 - ELEMENTOS DE LONGITUD FIJA -- INFORMACIÓN GENERAL
Campo fijo de descripción fija -- Información general 170512b xxu||||| |||| 00| 0 eng d
020 ## - NÚMERO INTERNACIONAL NORMALIZADO PARA LIBROS
Número Internacional Normalizado del libro 978-84-236-6776-5
040 ## - FUENTE DE CATALOGACIÓN
Agencia que realiza la transcripción CO-MdBIC
082 04 - NÚMERO DE CLASIFICACIÓN DECIMAL DEWEY
Número de clasificación 863C T72en
100 1# - ASIENTO PRINCIPAL--NOMBRE PERSONAL
Nombre personal Larrío, Esther
245 10 - TÍTULO
Título del Material Emma no se quiere bañar
250 ## - MENCIÓN DE EDICIÓN
Mención de edición 3a edición
260 ## - PUBLICACIÓN, DISTRIBUCIÓN, ETC. (PIE DE IMPRENTA)
Lugar de publicación, distribución, etc. España : Edebé
300 ## - DESCRIPCIÓN FÍSICA
Extensión 32p/21x20cm
505 00 - NOTA DE CONTENIDO
Nota de contenido con formato preestablecido 1. La lombriz que nunca había visto el sol -- 2. Quiero escribir un cuento -- 3. Doña desastre -- 4. ¿Cuándo viene Papá? -- 5. La peligrosa casa horrible -- 6.Emma no se quiere bañar -- 7. Un camaleón en la escuela de gatos -- 8. El cerdito azul -- 9. Dewey: íUn gato el ma biblioteca!
942 ## - TIPO DE MATERIAL (KOHA)
Tipo de Item KOHA Z- Libro General BINCO
Existencias
Estado de Material Estado de Perdido Forma de Clasificación Volumen-Parte/Tomo Estado de Dañado No para Préstamo Tomo Biblioteca de Origen Biblioteca Permanente Fecha de Adquisición Total de Préstamos Signatura Topográfica Código de Barras Última vez visto Última vez Préstado Ejemplar/Existencia Fecha de Remplazo Tipo de Material
    Dewey Decimal Classification       6 Biblioteca Infantil Comunitaria BINCO Biblioteca Infantil Comunitaria BINCO 12/08/2013 2 863C T72en B33308 10/08/2017 02/08/2017 1 26/01/2016 Z- Libro General BINCO

Biblioteca FUSBC | Teléfono: (57+4) 349 88 10 Ext. 141| WhatsApp (+57) 3005338115 
E-mail: biblioteca@unisbc.edu.co | Calle 76 87-14 Robledo Palenque, Medellín, Colombia

Con tecnología Koha